[Event "Stay Safe Play From Home 345"]
[Site "Emanuel Lasker Arena"]
[Date "2020.07.30"]
[Round "8"]
[White "Timbre"]
[Black "Buzaglo"]
[Result "0-1"]
[WhiteElo "1616"]
[BlackElo "1750"]
[Annotator "NA RC"]
[PlyCount "116"]
[EventDate "2020.07.30"]
[EventType "swiss (blitz)"]

1. d4 {[%emt 0:00:16]} d5 {[%emt 0:00:01]} 2. Nf3 {[%emt 0:00:01]} Nf6 {[%emt 0:00:01]} 3. c3 {[%emt 0:00:01]} e6 {[%emt 0:00:01]} 4. Bf4 {[%emt 0:00:01]} c5 {[%emt 0:00:01]} 5. e3 {[%emt 0:00:01]} cxd4 {[%emt 0:00:01]} 6. exd4 {[%emt 0:00:01]} Bd6 {[%emt 0:00:01]} 7. Bg3 {[%emt 0:00:02]} Bxg3 {[%emt 0:00:01]} 8. hxg3 {[%emt 0:00:01]} h6 {[%emt 0:00:00]} 9. Bd3 {[%emt 0:00:01]} Qb6 {[%emt 0:00:01]} 10. Qc2 {[%emt 0:00:02]} Nc6 {[%emt 0:00:02]} 11. Nbd2 {[%emt 0:00:01]} Bd7 {[%emt 0:00:02]} 12. O-O {[%emt 0:00:04]} Rc8 {[%emt 0:00:01]} 13. Qb1 {[%emt 0:00:04]} Qd8 {[%emt 0:00:05]} 14. Re1 {[%emt 0:00:02]} Kf8 {[%emt 0:00:02]} 15. Ne5 {[%emt 0:00:02]} Nxe5 {[%emt 0:00:03]} 16. Rxe5 {[%emt 0:00:02]} a6 {[%emt 0:00:07]} 17. Nf3 {[%emt 0:00:01]} b5 {[%emt 0:00:06]} 18. a3 {[%emt 0:00:04]} a5 {[%emt 0:00:03]} 19. Qf1 {[%emt 0:00:02]} Rb8 {[%emt 0:00:09]} 20. Ree1 {[%emt 0:00:07]} b4 {[%emt 0:00:04]} 21. axb4 {[%emt 0:00:05]} axb4 {[%emt 0:00:00]} 22. Ne5 {[%emt 0:00:02]} bxc3 {[%emt 0:00:03]} 23. bxc3 {[%emt 0:00:02]} Rb3 {[%emt 0:00:10]} 24. c4 {[%emt 0:00:02]} Qb6 {[%emt 0:00:13]} 25. cxd5 {[%emt 0:00:02]} Qxd4 {[%emt 0:00:16]} 26. Nxd7+ {[%emt 0:00:08]} Nxd7 {[%emt 0:00:00]} 27. Bb5 {[%emt 0:00:09]} Nb6 {[%emt 0:00:15]} 28. dxe6 {[%emt 0:00:06]} fxe6 {[%emt 0:00:07]} 29. Qe2 {[%emt 0:00:11]} e5 {[%emt 0:00:18]} 30. Rad1 {[%emt 0:00:04]} Qb2 {[%emt 0:00:05]} 31. Qxb2 {[%emt 0:00:09]} Rxb2 {[%emt 0:00:01]} 32. Bc6 {[%emt 0:00:02]} Nc4 {[%emt 0:00:02]} 33. Rd8+ {[%emt 0:00:06]} Kf7 {[%emt 0:00:01]} 34. Rxh8 {[%emt 0:00:03]} Ke6 {[%emt 0:00:05]} 35. Rd8 {[%emt 0:00:03]} Rb6 {[%emt 0:00:03]} 36. Bd5+ {[%emt 0:00:02]} Kf5 {[%emt 0:00:02]} 37. Bxc4 {[%emt 0:00:02]} Rb4 {[%emt 0:00:01]} 38. Bd3+ {[%emt 0:00:02]} Kf6 {[%emt 0:00:02]} 39. Re8 {[%emt 0:00:03]} Rb3 {[%emt 0:00:03]} 40. Be4 {[%emt 0:00:01]} Rb5 {[%emt 0:00:02]} 41. Bf3 {[%emt 0:00:02]} g5 {[%emt 0:00:04]} 42. R8xe5 {[%emt 0:00:02]} Rb2 {[%emt 0:00:01]} 43. Re6+ {[%emt 0:00:02]} Kf7 {[%emt 0:00:01]} 44. Re7+ {[%emt 0:00:01]} Kf6 {[%emt 0:00:01]} 45. R1e6+ {[%emt 0:00:01]} Kf5 {[%emt 0:00:01]} 46. Be4+ {[%emt 0:00:02]} Kg4 {[%emt 0:00:01]} 47. Bf3+ {[%emt 0:00:12]} Kf5 {[%emt 0:00:01]} 48. Rxh6 {[%emt 0:00:01]} g4 {[%emt 0:00:01]} 49. Rh5+ {[%emt 0:00:06]} Kf6 {[%emt 0:00:01]} 50. Bxg4 {[%emt 0:00:01]} Rb1+ {[%emt 0:00:01]} 51. Kh2 {[%emt 0:00:01]} Kxe7 {[%emt 0:00:01]} 52. Rf5 {[%emt 0:00:01]} Rb2 {[%emt 0:00:03]} 53. Rf3 {[%emt 0:00:01]} Rb4 {[%emt 0:00:01]} 54. Bf5 {[%emt 0:00:01]} Kf7 {[%emt 0:00:00]} 55. Be4+ {[%emt 0:00:01]} Ke7 {[%emt 0:00:00]} 56. Bd5 {[%emt 0:00:01]} Rb6 {[%emt 0:00:01]} 57. Be4 {[%emt 0:00:01]} Kd6 {[%emt 0:00:00]} 58. Bd5 {[%emt 0:00:01]} Kc5 {[%emt 0:00:00] Time (Lag: Av=0.47s, max=1.0s)} 0-1

[Event "Stay Safe Play From Home 345"]
[Site "Emanuel Lasker Arena"]
[Date "2020.07.30"]
[Round "9"]
[White "Lazieri3"]
[Black "Padmaesh M K"]
[Result "1-0"]
[WhiteElo "2009"]
[BlackElo "1712"]
[PlyCount "65"]
[EventDate "2020.07.30"]
[EventType "swiss (blitz)"]

1. e4 {[%emt 0:00:01]} e5 {[%emt 0:00:03]} 2. Nc3 {[%emt 0:00:00]} Nc6 {[%emt 0:00:01]} 3. Nf3 {[%emt 0:00:04]} Nf6 {[%emt 0:00:03]} 4. d4 {[%emt 0:00:01]} exd4 {[%emt 0:00:02]} 5. Nxd4 {[%emt 0:00:00]} Bc5 {[%emt 0:00:02]} 6. Nxc6 {[%emt 0:00:01]} bxc6 {[%emt 0:00:01]} 7. Bd3 {[%emt 0:00:01]} d6 {[%emt 0:00:07]} 8. Bg5 {[%emt 0:00:03]} h6 {[%emt 0:00:05]} 9. Bh4 {[%emt 0:00:05]} g5 {[%emt 0:00:02]} 10. Bg3 {[%emt 0:00:01]} Bg4 {[%emt 0:00:02]} 11. Be2 {[%emt 0:00:04]} Qd7 {[%emt 0:00:11]} 12. h3 {[%emt 0:00:02]} Bxe2 {[%emt 0:00:03]} 13. Qxe2 {[%emt 0:00:00]} O-O-O {[%emt 0:00:02]} 14. O-O-O {[%emt 0:00:05]} Rhe8 {[%emt 0:00:04]} 15. f3 {[%emt 0:00:01]} Nh5 {[%emt 0:00:05]} 16. Bf2 {[%emt 0:00:05]} Bxf2 {[%emt 0:00:05]} 17. Qxf2 {[%emt 0:00:00]} Kb8 {[%emt 0:00:04]} 18. Rd4 {[%emt 0:00:05]} c5 {[%emt 0:00:04]} 19. Ra4 {[%emt 0:00:04]} f5 {[%emt 0:00:07]} 20. exf5 {[%emt 0:00:05]} Qxf5 {[%emt 0:00:04]} 21. g4 {[%emt 0:00:07]} Qd7 {[%emt 0:00:15]} 22. gxh5 {[%emt 0:00:09]} d5 {[%emt 0:00:01]} 23. Qxc5 {[%emt 0:00:05]} c6 {[%emt 0:00:02]} 24. f4 {[%emt 0:00:21]} Re6 {[%emt 0:00:04]} 25. fxg5 {[%emt 0:00:02]} hxg5 {[%emt 0:00:00]} 26. Rb4+ {[%emt 0:00:03]} Ka8 {[%emt 0:00:02]} 27. Na4 {[%emt 0:00:01]} Rde8 {[%emt 0:00:07]} 28. b3 {[%emt 0:00:03]} Re1+ {[%emt 0:00:08]} 29. Rxe1 {[%emt 0:00:02]} Rxe1+ {[%emt 0:00:00]} 30. Kb2 {[%emt 0:00:00]} Qg7+ {[%emt 0:00:03]} 31. Qc3 {[%emt 0:00:02]} Qd7 {[%emt 0:00:03]} 32. Nc5 {[%emt 0:00:07]} Qc8 {[%emt 0:00:10]} 33. Qxe1 {[%emt 0:00:03] Padmaesh M K resigns (Lag: Av=0.54s, max=1.3s)} 1-0

[Event "Stay Safe Play From Home 345"]
[Site "Emanuel Lasker Arena"]
[Date "2020.07.30"]
[Round "9"]
[White "Dukic"]
[Black "Mehdi1887"]
[Result "1/2-1/2"]
[WhiteElo "1862"]
[BlackElo "1660"]
[Annotator "NA"]
[PlyCount "117"]
[EventDate "2020.07.30"]
[EventType "swiss (blitz)"]

1. c4 {[%emt 0:00:03]} Nf6 {[%emt 0:00:02]} 2. Nc3 {[%emt 0:00:01]} g6 {[%emt 0:00:01]} 3. g3 {[%emt 0:00:01]} d6 {[%emt 0:00:00]} 4. Bg2 {[%emt 0:00:01]} Bg7 {[%emt 0:00:00]} 5. Nf3 {[%emt 0:00:01]} Nbd7 {[%emt 0:00:00]} 6. O-O {[%emt 0:00:01]} O-O {[%emt 0:00:00]} 7. d4 {[%emt 0:00:01]} e5 {[%emt 0:00:01]} 8. Qc2 {[%emt 0:00:03]} a6 {[%emt 0:00:01]} 9. Rd1 {[%emt 0:00:01]} Rb8 {[%emt 0:00:01]} 10. b3 {[%emt 0:00:01]} Qe7 {[%emt 0:00:03]} 11. Ba3 {[%emt 0:00:01]} c5 {[%emt 0:00:05]} 12. dxe5 {[%emt 0:00:05]} Nxe5 {[%emt 0:00:05]} 13. Ng5 {[%emt 0:00:03]} h6 {[%emt 0:00:06]} 14. Nge4 {[%emt 0:00:01]} Nxe4 {[%emt 0:00:08]} 15. Bxe4 {[%emt 0:00:01]} Ng4 {[%emt 0:00:10]} 16. Bb2 {[%emt 0:00:08]} f5 {[%emt 0:00:08]} 17. Bf3 {[%emt 0:00:08]} Ne5 {[%emt 0:00:04]} 18. Bg2 {[%emt 0:00:04]} Bd7 {[%emt 0:00:01]} 19. Nd5 {[%emt 0:00:02]} Qe6 {[%emt 0:00:03]} 20. f4 {[%emt 0:00:01]} Ng4 {[%emt 0:00:05]} 21. Bxg7 {[%emt 0:00:04]} Kxg7 {[%emt 0:00:01]} 22. Qc3+ {[%emt 0:00:03]} Kh7 {[%emt 0:00:04]} 23. h3 {[%emt 0:00:04]} Nf6 {[%emt 0:00:05]} 24. Nxf6+ {[%emt 0:00:03]} Rxf6 {[%emt 0:00:01]} 25. Rd2 {[%emt 0:00:01]} Bc6 {[%emt 0:00:09]} 26. Rad1 {[%emt 0:00:10]} Bxg2 {[%emt 0:00:02]} 27. Kxg2 {[%emt 0:00:01]} Rd8 {[%emt 0:00:05]} 28. Kf2 {[%emt 0:00:03]} Re8 {[%emt 0:00:06]} 29. Qf3 {[%emt 0:00:14]} Qe4 {[%emt 0:00:04]} 30. Qxe4 {[%emt 0:00:03]} Rxe4 {[%emt 0:00:03]} 31. Rxd6 {[%emt 0:00:01]} Rxd6 {[%emt 0:00:03]} 32. Rxd6 {[%emt 0:00:01]} Re7 {[%emt 0:00:01]} 33. Rd5 {[%emt 0:00:04]} Rc7 {[%emt 0:00:02]} 34. Kf3 {[%emt 0:00:01]} h5 {[%emt 0:00:01]} 35. g4 {[%emt 0:00:02]} hxg4+ {[%emt 0:00:02]} 36. hxg4 {[%emt 0:00:01]} fxg4+ {[%emt 0:00:04]} 37. Kxg4 {[%emt 0:00:01]} Kh6 {[%emt 0:00:02]} 38. e4 {[%emt 0:00:01]} b5 {[%emt 0:00:02]} 39. e5 {[%emt 0:00:03]} bxc4 {[%emt 0:00:02]} 40. bxc4 {[%emt 0:00:02]} Kg7 {[%emt 0:00:01]} 41. Rd6 {[%emt 0:00:01]} a5 {[%emt 0:00:03]} 42. Kg5 {[%emt 0:00:01]} Rf7 {[%emt 0:00:03]} 43. Rxg6+ {[%emt 0:00:01]} Kh7 {[%emt 0:00:01]} 44. Rc6 {[%emt 0:00:02]} Rg7+ {[%emt 0:00:02]} 45. Kf6 {[%emt 0:00:01]} Rg6+ {[%emt 0:00:02]} 46. Ke7 {[%emt 0:00:01]} Rxc6 {[%emt 0:00:01]} 47. e6 {[%emt 0:00:01]} Kg7 {[%emt 0:00:01]} 48. f5 {[%emt 0:00:02]} Rc7+ {[%emt 0:00:03]} 49. Kd6 {[%emt 0:00:05]} Ra7 {[%emt 0:00:05]} 50. Ke5 {[%emt 0:00:02]} a4 {[%emt 0:00:02]} 51. f6+ {[%emt 0:00:01]} Kg6 {[%emt 0:00:01]} 52. f7 {[%emt 0:00:09]} Kg7 {[%emt 0:00:02]} 53. Kd6 {[%emt 0:00:01]} Ra6+ {[%emt 0:00:07]} 54. Ke7 {[%emt 0:00:06]} Ra7+ {[%emt 0:00:02]} 55. Ke8 {[%emt 0:00:03]} Ra8+ {[%emt 0:00:02]} 56. Kd7 {[%emt 0:00:03]} Ra7+ {[%emt 0:00:02]} 57. Ke8 {[%emt 0:00:01]} Ra8+ {[%emt 0:00:01]} 58. Ke7 {[%emt 0:00:01]} Ra7+ {[%emt 0:00:01]} 59. Ke8 {[%emt 0:00:01] (Lag: Av=0.78s, max=1.5s)} 1/2-1/2

[Event "Stay Safe Play From Home 345"]
[Site "Emanuel Lasker Arena"]
[Date "2020.07.30"]
[Round "9"]
[White "Buzaglo"]
[Black "Haris kollari 13"]
[Result "1-0"]
[WhiteElo "1760"]
[BlackElo "1871"]
[Annotator "NA RC"]
[PlyCount "67"]
[EventDate "2020.07.30"]
[EventType "swiss (blitz)"]

1. d4 {[%emt 0:00:01]} d5 {[%emt 0:00:01]} 2. Nf3 {[%emt 0:00:00]} c5 {[%emt 0:00:01]} 3. g3 {[%emt 0:00:01]} Nc6 {[%emt 0:00:01]} 4. Bg2 {[%emt 0:00:01]} h5 {[%emt 0:00:10]} 5. h4 {[%emt 0:00:03]} Bg4 {[%emt 0:00:01]} 6. O-O {[%emt 0:00:02]} Qd7 {[%emt 0:00:01]} 7. Ne5 {[%emt 0:00:04]} Nxe5 {[%emt 0:00:02]} 8. dxe5 {[%emt 0:00:00]} e6 {[%emt 0:00:01]} 9. f4 {[%emt 0:00:02]} O-O-O {[%emt 0:00:02]} 10. Nd2 {[%emt 0:00:05]} f6 {[%emt 0:00:01]} 11. Nf3 {[%emt 0:00:03]} Ne7 {[%emt 0:00:04]} 12. c4 {[%emt 0:00:08]} Kb8 {[%emt 0:00:05]} 13. cxd5 {[%emt 0:00:03]} exd5 {[%emt 0:00:01]} 14. b4 {[%emt 0:00:02]} c4 {[%emt 0:00:11]} 15. Be3 {[%emt 0:00:04]} Nc6 {[%emt 0:00:01]} 16. b5 {[%emt 0:00:02]} Na5 {[%emt 0:00:04]} 17. Qa4 {[%emt 0:00:05]} b6 {[%emt 0:00:01]} 18. Nd4 {[%emt 0:00:10]} fxe5 {[%emt 0:00:02]} 19. fxe5 {[%emt 0:00:04]} Bc5 {[%emt 0:00:01]} 20. e6 {[%emt 0:00:02]} Qe8 {[%emt 0:00:07]} 21. Nc6+ {[%emt 0:00:06]} Nxc6 {[%emt 0:00:04]} 22. Bxc5 {[%emt 0:00:01]} bxc5 {[%emt 0:00:02]} 23. bxc6 {[%emt 0:00:01]} Qxe6 {[%emt 0:00:14]} 24. Qb5+ {[%emt 0:00:03]} Kc7 {[%emt 0:00:01]} 25. Qb7+ {[%emt 0:00:01]} Kd6 {[%emt 0:00:02]} 26. c7 {[%emt 0:00:06]} Rc8 {[%emt 0:00:05]} 27. Rad1 {[%emt 0:00:05]} d4 {[%emt 0:00:04]} 28. Qc6+ {[%emt 0:00:03]} Ke7 {[%emt 0:00:01]} 29. Qxc5+ {[%emt 0:00:06]} Qd6 {[%emt 0:00:02]} 30. Qg5+ {[%emt 0:00:06]} Ke8 {[%emt 0:00:10]} 31. Qxg7 {[%emt 0:00:08]} Rf8 {[%emt 0:00:08]} 32. Rxf8+ {[%emt 0:00:03]} Qxf8 {[%emt 0:00:01]} 33. Bc6+ {[%emt 0:00:17]} Bd7 {[%emt 0:00:02]} 34. Bxd7# {[%emt 0:00:02] (Lag: Av=0.56s, max=1.0s)} 1-0

[Event "Stay Safe Play From Home 345"]
[Site "Emanuel Lasker Arena"]
[Date "2020.07.30"]
[Round "9"]
[White "Timbre"]
[Black "Weltszmerc"]
[Result "0-1"]
[WhiteElo "1606"]
[BlackElo "2036"]
[PlyCount "104"]
[EventDate "2020.07.30"]
[EventType "swiss (blitz)"]

1. d4 {[%emt 0:00:03]} b6 {[%emt 0:00:01]} 2. Nf3 {[%emt 0:00:01]} Bb7 {[%emt 0:00:00]} 3. c3 {[%emt 0:00:01]} Nf6 {[%emt 0:00:00]} 4. Bf4 {[%emt 0:00:01]} d6 {[%emt 0:00:00]} 5. e3 {[%emt 0:00:01]} Nbd7 {[%emt 0:00:00]} 6. Be2 {[%emt 0:00:01]} g6 {[%emt 0:00:00]} 7. Nbd2 {[%emt 0:00:01]} Bg7 {[%emt 0:00:00]} 8. O-O {[%emt 0:00:01]} O-O {[%emt 0:00:00]} 9. h3 {[%emt 0:00:01]} Re8 {[%emt 0:00:00]} 10. Nh2 {[%emt 0:00:01]} e5 {[%emt 0:00:00]} 11. dxe5 {[%emt 0:00:02]} Nxe5 {[%emt 0:00:00]} 12. Bxe5 {[%emt 0:00:02]} dxe5 {[%emt 0:00:01]} 13. Ng4 {[%emt 0:00:02]} Nxg4 {[%emt 0:00:03]} 14. Bxg4 {[%emt 0:00:02]} f5 {[%emt 0:00:01]} 15. Bf3 {[%emt 0:00:02]} e4 {[%emt 0:00:00]} 16. Be2 {[%emt 0:00:01]} Kh8 {[%emt 0:00:00]} 17. Qc2 {[%emt 0:00:01]} Qe7 {[%emt 0:00:05]} 18. Rad1 {[%emt 0:00:02]} Rad8 {[%emt 0:00:01]} 19. Nb3 {[%emt 0:00:01]} Be5 {[%emt 0:00:02]} 20. Nd4 {[%emt 0:00:02]} a6 {[%emt 0:00:02]} 21. Qb3 {[%emt 0:00:09]} Rd6 {[%emt 0:00:16]} 22. Nc2 {[%emt 0:00:09]} Red8 {[%emt 0:00:04]} 23. Rxd6 {[%emt 0:00:01]} Bxd6 {[%emt 0:00:01]} 24. Nd4 {[%emt 0:00:03]} b5 {[%emt 0:00:12]} 25. g3 {[%emt 0:00:05]} Qe5 {[%emt 0:00:17]} 26. a4 {[%emt 0:00:05]} c5 {[%emt 0:00:01]} 27. Nc2 {[%emt 0:00:06]} Bc6 {[%emt 0:00:19]} 28. axb5 {[%emt 0:00:02]} axb5 {[%emt 0:00:00]} 29. Bxb5 {[%emt 0:00:04]} Rb8 {[%emt 0:00:01]} 30. c4 {[%emt 0:00:04]} h5 {[%emt 0:00:06]} 31. Qc3 {[%emt 0:00:02]} Qxc3 {[%emt 0:00:02]} 32. bxc3 {[%emt 0:00:02]} Bxb5 {[%emt 0:00:00]} 33. cxb5 {[%emt 0:00:01]} Rxb5 {[%emt 0:00:00]} 34. Na3 {[%emt 0:00:01]} Rb3 {[%emt 0:00:03]} 35. Nc4 {[%emt 0:00:02]} Be7 {[%emt 0:00:03]} 36. Rc1 {[%emt 0:00:02]} Bf6 {[%emt 0:00:01]} 37. Nd2 {[%emt 0:00:09]} Rxc3 {[%emt 0:00:02]} 38. Rxc3 {[%emt 0:00:02]} Bxc3 {[%emt 0:00:01]} 39. Nc4 {[%emt 0:00:01]} Kg7 {[%emt 0:00:02]} 40. Kf1 {[%emt 0:00:01]} Kf6 {[%emt 0:00:01]} 41. Ke2 {[%emt 0:00:01]} Ke6 {[%emt 0:00:01]} 42. f3 {[%emt 0:00:01]} Kd5 {[%emt 0:00:04]} 43. Nb6+ {[%emt 0:00:02]} Kc6 {[%emt 0:00:01]} 44. Na4 {[%emt 0:00:02]} Be5 {[%emt 0:00:04]} 45. f4 {[%emt 0:00:04]} Bf6 {[%emt 0:00:02]} 46. Kd2 {[%emt 0:00:01]} Kb5 {[%emt 0:00:01]} 47. Nc3+ {[%emt 0:00:02]} Bxc3+ {[%emt 0:00:01]} 48. Kxc3 {[%emt 0:00:01]} c4 {[%emt 0:00:01]} 49. Kc2 {[%emt 0:00:04]} Kb4 {[%emt 0:00:01]} 50. Kb2 {[%emt 0:00:02]} c3+ {[%emt 0:00:00]} 51. Kc2 {[%emt 0:00:01]} Kc4 {[%emt 0:00:00]} 52. Kc1 {[%emt 0:00:01]} Kd3 {[%emt 0:00:00] Timbre resigns (Lag: Av=0.56s, max=1.0s)} 0-1

[Event "Stay Safe Play From Home 345"]
[Site "Emanuel Lasker Arena"]
[Date "2020.07.30"]
[Round "9"]
[White "Klasman"]
[Black "Greblha"]
[Result "0-1"]
[WhiteElo "1571"]
[BlackElo "1965"]
[PlyCount "80"]
[EventDate "2020.07.30"]
[EventType "swiss (blitz)"]

1. f4 {[%emt 0:00:02]} c6 {[%emt 0:00:00]} 2. c4 {[%emt 0:00:02]} d5 {[%emt 0:00:00]} 3. cxd5 {[%emt 0:00:01]} cxd5 {[%emt 0:00:01]} 4. d4 {[%emt 0:00:01]} Nc6 {[%emt 0:00:01]} 5. Nf3 {[%emt 0:00:01]} Nf6 {[%emt 0:00:01]} 6. e3 {[%emt 0:00:01]} Bg4 {[%emt 0:00:02]} 7. Bb5 {[%emt 0:00:04]} e6 {[%emt 0:00:02]} 8. Ne5 {[%emt 0:00:01]} Bxd1 {[%emt 0:00:02]} 9. Nxc6 {[%emt 0:00:01]} bxc6 {[%emt 0:00:03]} 10. Bxc6+ {[%emt 0:00:01]} Nd7 {[%emt 0:00:01]} 11. Bxa8 {[%emt 0:00:03]} Qxa8 {[%emt 0:00:01]} 12. Kxd1 {[%emt 0:00:05]} Bd6 {[%emt 0:00:03]} 13. Nc3 {[%emt 0:00:00]} O-O {[%emt 0:00:01]} 14. Bd2 {[%emt 0:00:04]} Nb6 {[%emt 0:00:01]} 15. b3 {[%emt 0:00:30]} Ba3 {[%emt 0:00:08]} 16. g4 {[%emt 0:00:08]} Bb2 {[%emt 0:00:02]} 17. Rb1 {[%emt 0:00:03]} Bxc3 {[%emt 0:00:02]} 18. Bxc3 {[%emt 0:00:01]} Rc8 {[%emt 0:00:01]} 19. Kd2 {[%emt 0:00:01]} a5 {[%emt 0:00:08]} 20. h4 {[%emt 0:00:14]} a4 {[%emt 0:00:01]} 21. g5 {[%emt 0:00:04]} axb3 {[%emt 0:00:01]} 22. axb3 {[%emt 0:00:02]} Qc6 {[%emt 0:00:13]} 23. Rbc1 {[%emt 0:00:05]} Qb5 {[%emt 0:00:03]} 24. Rb1 {[%emt 0:00:08]} g6 {[%emt 0:00:14]} 25. h5 {[%emt 0:00:01]} gxh5 {[%emt 0:00:01]} 26. Rb2 {[%emt 0:00:07]} Qc6 {[%emt 0:00:27]} 27. Rc2 {[%emt 0:00:05]} e5 {[%emt 0:00:06]} 28. Rxh5 {[%emt 0:00:12]} exd4 {[%emt 0:00:04]} 29. exd4 {[%emt 0:00:02]} Qg6 {[%emt 0:00:07]} 30. Rh3 {[%emt 0:00:05]} Qf5 {[%emt 0:00:04]} 31. Rh4 {[%emt 0:00:08]} Re8 {[%emt 0:00:04]} 32. Ba5 {[%emt 0:00:16]} Re2+ {[%emt 0:00:10]} 33. Kxe2 {[%emt 0:00:04]} Qxc2+ {[%emt 0:00:01]} 34. Kf3 {[%emt 0:00:06]} Qxb3+ {[%emt 0:00:01]} 35. Kg4 {[%emt 0:00:01]} Nc4 {[%emt 0:00:06]} 36. Bd8 {[%emt 0:00:01]} Qd1+ {[%emt 0:00:02]} 37. Kf5 {[%emt 0:00:02]} Qd3+ {[%emt 0:00:01]} 38. Kf6 {[%emt 0:00:01]} Qg6+ {[%emt 0:00:01]} 39. Ke7 {[%emt 0:00:01]} Ne3 {[%emt 0:00:09]} 40. Rxh7 {[%emt 0:00:02]} Nf5+ {[%emt 0:00:02] Time (Lag: Av=0.40s, max=0.7s)} 0-1